| 000 | 01226nam a22003737a 4500 | ||
|---|---|---|---|
| 003 | CHAP | ||
| 005 | 20220329134519.0 | ||
| 008 | 971013s1977 r 00010 d | ||
| 010 | _a21440 | ||
| 011 | _a22412 | ||
| 035 | _a26507 | ||
| 040 | _cCHAP | ||
| 082 |
_a628 _bC5 1977 |
||
| 100 | 0 | 0 |
_aClark, John W. _923625 |
| 245 | _aWater supply and pollution control | ||
| 250 | _a3 ed. | ||
| 260 |
_aNew York : _bHarper & Row, _c1977 |
||
| 300 |
_a857 p. _b: ilus. ; gráfs. |
||
| 490 | _aIEP Series In Civil Engineering | ||
| 590 |
_aBATCH-UPD _b10 _c20130110 _lUCH01 _h0216 |
||
| 590 |
_aBATCH-UPD _b10 _c20130110 _lUCH01 _h1317 |
||
| 590 |
_aBATCH-UPD _b10 _c20130409 _lUCH01 _h2235 |
||
| 590 |
_aBATCH-UPD _b10 _c20130914 _lUCH01 _h0305 |
||
| 590 |
_aCONVERSION _b10 _c20130109 _lUCH01 _h1313 |
||
| 650 | 1 | 4 |
_aAgua _xAbastecimiento. _92223 |
| 650 | 1 | 4 |
_aAgua _xContaminación. _92351 |
| 650 | 1 | 4 |
_aIngeniería sanitaria. _958277 |
| 700 | 0 |
_aHammer, Mark J. _952454 |
|
| 830 | 0 |
_aIEP Series In Civil Engineering _957321 |
|
| 901 | _aBK | ||
| 942 | _cLIBRO | ||
| 949 |
_a628 C5 1977 _bBC _cLIBRO _d-129189 _eLIBRO _fc.8 _h45868 _i26507 _si _t578.00 |
||
| 949 |
_a628 C5 1977 _bBC _cLIBRO _d33724000023222 _eLIBRO _h45867 _i26507 _si _t578.00 |
||
| 999 |
_c21440 _d21440 |
||